Bon Jovi Albums Tile Select - Statistics

General Stats
  • This quiz has been taken 89 times
  • The average score is 35 of 45
Answer Stats
Question Tile Select % Correct
the following songs that are on Slippery When Wet (1986). The Hardest Part Is the Night No
100%
the following songs that are on Slippery When Wet (1986). Livin' on a Prayer Yes
96%
the following songs that are on Slippery When Wet (1986). She Don't Know Me No
96%
the following songs that are on Slippery When Wet (1986). You Give Love a Bad Name Yes
95%
the following songs that are on New Jersey (1988). Runaway No
92%
the following songs that are on Slippery When Wet (1986). Wanted Dead or Alive Yes
91%
the following songs that are on Crush (2000). It's My Life Yes
89%
the following songs that are on New Jersey (1988). Only Lonely No
89%
the following songs that are on Slippery When Wet (1986). In and Out of Love No
88%
the following songs that are on These Days (1995). Save the World No
86%
the following songs that are on New Jersey (1988). Bad Medicine Yes
85%
the following songs that are on New Jersey (1988). Lay Your Hands on Me Yes
85%
the following songs that are on Slippery When Wet (1986). Social Disease Yes
85%
the following songs that are on New Jersey (1988). I'll Be There for You Yes
84%
the following songs that are on Keep the Faith (1992). I'll Sleep When I'm Dead Yes
81%
the following songs that are on Crush (2000). Something to Believe In No
81%
the following songs that are on Keep the Faith (1992). Bed of Roses Yes
80%
the following songs that are on New Jersey (1988). Blood on Blood Yes
80%
the following songs that are on These Days (1995). This Ain't a Love Song Yes
80%
the following songs that are on Crush (2000). Everyday No
78%
the following songs that are on Keep the Faith (1992). Living in Sin No
78%
the following songs that are on Slippery When Wet (1986). Never Say Goodbye Yes
78%
the following songs that are on Keep the Faith (1992). Something for the Pain No
78%
the following songs that are on Keep the Faith (1992). Born to Be My Baby No
77%
the following songs that are on Keep the Faith (1992). Dry County Yes
77%
the following songs that are on Crush (2000). Misunderstood No
77%
the following songs that are on These Days (1995). Hey God Yes
76%
the following songs that are on New Jersey (1988). In These Arms No
76%
the following songs that are on Slippery When Wet (1986). Let It Rock Yes
76%
the following songs that are on Crush (2000). Real Life No
76%
the following songs that are on Crush (2000). One Wild Night Yes
74%
the following songs that are on These Days (1995). Someday I'll Be Saturday Night No
74%
the following songs that are on These Days (1995). Blame It on the Love of Rock & Roll No
73%
the following songs that are on Keep the Faith (1992). My Guitar Lies Bleeding in My Arms No
73%
the following songs that are on These Days (1995). Thank You for Loving Me No
73%
the following songs that are on Keep the Faith (1992). I Believe Yes
72%
the following songs that are on These Days (1995). Lie to Me Yes
70%
the following songs that are on These Days (1995). Always No
69%
the following songs that are on Crush (2000). All About Lovin' You No
68%
the following songs that are on New Jersey (1988). Wild in the Streets No
68%
the following songs that are on New Jersey (1988). 99 in the Shade Yes
66%
the following songs that are on Crush (2000). Say It Isn't So Yes
66%
the following songs that are on Keep the Faith (1992). I Want You Yes
59%
the following songs that are on Crush (2000). Next 100 Years Yes
59%
the following songs that are on These Days (1995). Damned Yes
54%
No matching quizzes found
Score Distribution
Percent of People with Each Score
Percentile by Number Answered
Your Score History
You have not taken this quiz